[Event "AUTO-MASTER-2297"]
[Site "http://www.queenalice.com/game.php?id=1360017"]
[Date "2015.5.17"]
[Round "1"]
[White "szybkielanie"]
[Black "Zugswang"]
[Result "0-1"]
[WhiteElo "2223"]
[BlackElo "2206"]

1. e4 Nf6 2. d3 d6 3. f4 e5 4. fxe5 dxe5 5. Nf3 Bg4 6. Be2 Nc6 7. Be3 Be7 8. O-O
O-O 9. c3 h6 10. Qe1 Nh7 11. Qg3 Bxf3 12. gxf3 Bg5 13. Bxg5 Qxg5 14. f4 exf4 15.
Rxf4 Qxg3+ 16. hxg3 Ng5 17. Nd2 Ne5 18. d4 Ng6 19. Rf5 Ne7 20. Re5 Ng6 21. Rf5
Ne7 22. Re5 Nc6 23. Rf5 f6 24. Kg2 g6 25. Rf2 Rae8 26. Bd3 Kg7 27. Re1 a6 28.
Ref1 b5 29. e5 fxe5 30. Rxf8 Rxf8 31. Rxf8 Kxf8 32. Bxg6 exd4 33. c4 Ne5 34.
cxb5 axb5 35. Bh5 Nc4 0-1

[Event "AUTO-MASTER-2297"]
[Site "http://www.queenalice.com/game.php?id=1360018"]
[Date "2015.5.17"]
[Round "1"]
[White "Zugswang"]
[Black "szybkielanie"]
[Result "1-0"]
[WhiteElo "2214"]
[BlackElo "2210"]

1. e4 g6 2. d4 d6 3. Be3 Bg7 4. Qd2 Nf6 5. f3 c6 6. c4 e5 7. d5 c5 8. g4 Bxg4 9.
fxg4 Nxe4 10. Qg2 Qh4+ 11. Kd1 Nf6 12. h3 Nfd7 13. Nf3 Qd8 14. Bd3 e4 15. Nc3
exd3 16. Kd2 a6 17. Bg5 Qb6 18. Rae1+ Ne5 19. Kc1 O-O 20. Nxe5 Bxe5 21. Qd2 Qb4
22. Qxd3 b5 23. cxb5 axb5 24. Re4 c4 25. Qd2 Nd7 26. Be7 Rfe8 27. Rxe5 Nxe5 28.
Bf6 Nd3+ 29. Kb1 Qxb2+ 30. Qxb2 Nxb2 31. Kxb2 b4 32. Nb5 Re2+ 33. Kb1 Raxa2 34.
Nxd6 c3 35. Nc4 c2+ 36. Kc1 Ra7 37. d6 b3 38. Kb2 c1=Q+ 39. Kxc1 Rc2+ 40. Kb1
Rxc4 41. Kb2 1-0

[Event "AUTO-OPEN-3491"]
[Site "http://www.queenalice.com/game.php?id=1362826"]
[Date "2015.6.1"]
[Round "1"]
[White "szybkielanie"]
[Black "Givanildo"]
[Result "1-0"]
[WhiteElo "2234"]
[BlackElo "1638"]

1. e4 d5 2. e5 h5 3. f4 Bg4 4. Be2 e6 5. Bxg4 hxg4 6. Qxg4 Be7 7. Qxg7 Rh6 8.
Qxg8+ Bf8 9. Nf3 Qe7 10. Qg5 Qxg5 11. Nxg5 Be7 12. d4 f6 13. Nxe6 fxe5 14. Nxc7+
Kf8 15. fxe5 Nc6 16. Bxh6+ Kg8 17. Nxa8 Nxd4 18. Kd2 Nf5 19. Bf4 Nd4 20. Nc3 Nf5
21. Nxd5 Bd8 22. e6 Bf6 23. Nxf6+ Kg7 24. Be5 Kg6 25. Nc7 a6 26. Nfd5 Kg5 27.
Raf1 Nh6 28. e7 Ng4 29. e8=Q b5 30. Qg8+ Kh4 31. Bg3+ Kh5 32. Rf5+ Kh6 33. Bf4#
1-0

[Event "AUTO-OPEN-3491"]
[Site "http://www.queenalice.com/game.php?id=1362827"]
[Date "2015.6.1"]
[Round "1"]
[White "Givanildo"]
[Black "szybkielanie"]
[Result "1-0"]
[WhiteElo "1669"]
[BlackElo "2103"]

1. e3 e5 2. d4 e4 3. Bc4 d5 4. Bb3 c6 5. a3 Qg5 6. g3 f5 7. f4 Qd8 8. Nc3 Nf6 9.
Nge2 Be7 10. Bd2 O-O 11. g4 Nxg4 12. Ng3 Bh4 13. Ne2 g5 14. c4 Be6 15. Qc2 gxf4
16. Nxf4 Qf6 17. cxd5 cxd5 18. O-O-O Rc8 19. Bc3 Nxe3 20. Qe2 Nxd1 21. Bxd1 Bg5
22. Rf1 Nc6 23. Kb1 Bxf4 24. Rxf4 Qg5 25. Qe3 Ne7 26. Rg4 Qxg4 27. Bxg4 fxg4 28.
Qg5+ Ng6 29. Nh5 Rc7 30. Nf6+ Kg7 31. Bd2 h6 32. Qxh6+ Kxf6 33. Bg5+ Kf5 34. Be3
Kf6 35. Qg5+ Kf7 36. Bf4 Rc6 37. Bg3 Rg8 38. Qh5 1-0

[Event "AUTO-OPEN-3491"]
[Site "http://www.queenalice.com/game.php?id=1362828"]
[Date "2015.6.1"]
[Round "1"]
[White "szybkielanie"]
[Black "araujox"]
[Result "1-0"]
[WhiteElo "2249"]
[BlackElo "2259"]

1. e4 e5 2. Nf3 Nc6 3. d4 exd4 4. Bc4 Bc5 5. c3 dxc3 6. Bxf7+ Kxf7 7. Qd5+ Kf8
8. Qxc5+ d6 9. Qxc3 Qe7 10. O-O Qxe4 11. Re1 Qb4 12. Qe3 Nf6 13. Nc3 Bf5 14. Qg5
Qg4 15. a3 Kf7 16. Bd2 h6 17. Qxg4 Bxg4 18. Re3 1-0

[Event "AUTO-OPEN-3491"]
[Site "http://www.queenalice.com/game.php?id=1362829"]
[Date "2015.6.1"]
[Round "1"]
[White "araujox"]
[Black "szybkielanie"]
[Result "0-1"]
[WhiteElo "2316"]
[BlackElo "2235"]

1. d4 Nf6 2. c4 g6 3. Nc3 Bg7 4. e4 d6 5. Nf3 O-O 6. Be2 Nc6 7. O-O e5 8. d5 Ne7
9. b4 a5 10. Ba3 axb4 11. Bxb4 b6 12. a4 Ne8 13. Qd2 f5 14. Qc2 fxe4 15. Nxe4 h6
16. Bd3 Bf5 17. Rfb1 g5 18. a5 bxa5 19. Bxa5 Ng6 20. Bc3 Rxa1 21. Rxa1 Nf4 0-1

[Event "AUTO-OPEN-3491"]
[Site "http://www.queenalice.com/game.php?id=1362830"]
[Date "2015.6.1"]
[Round "1"]
[White "szybkielanie"]
[Black "CCapivara"]
[Result "0-1"]
[WhiteElo "2266"]
[BlackElo "2143"]

1. e4 d6 2. d4 Nf6 3. Bd3 e5 4. dxe5 dxe5 5. f4 Bc5 6. h3 Nxe4 7. Bxe4 Qh4+ 8.
Kd2 O-O 9. Qf3 Rd8+ 10. Ke2 f5 11. Qb3+ Kh8 12. g3 Qe7 13. Bd5 exf4+ 14. Kf3 Qe1
15. Kxf4 Qxc1+ 0-1

[Event "AUTO-OPEN-3491"]
[Site "http://www.queenalice.com/game.php?id=1362831"]
[Date "2015.6.1"]
[Round "1"]
[White "CCapivara"]
[Black "szybkielanie"]
[Result "1-0"]
[WhiteElo "2224"]
[BlackElo "2137"]

1. e4 c5 2. Nf3 Nc6 3. d4 cxd4 4. Nxd4 Nf6 5. Nc3 e5 6. Ndb5 d6 7. Bg5 a6 8. Na3
b5 9. Nd5 Be7 10. Bxf6 Bxf6 11. c3 Bg5 12. Nc2 O-O 13. a4 bxa4 14. Rxa4 f5 15.
exf5 Rxf5 16. Bd3 Rf8 17. O-O a5 18. Nce3 Rb8 19. b4 axb4 20. cxb4 Nd4 21. Ra7
Bb7 22. Qh5 Bh6 23. Bc4 Kh8 24. Ng4 Qg5 25. Qh3 Bxd5 26. Bxd5 Ne2+ 27. Kh1 Nf4
28. Qb3 Qxg4 29. g3 Nxd5 30. Qxd5 Qf3+ 31. Qxf3 Rxf3 32. Rb1 Rxf2 33. b5 Be3 34.
Rd7 Bc5 35. b6 Rff8 36. b7 e4 37. h4 e3 38. Kg2 Rf2+ 39. Kh3 Rff8 40. g4 Rfe8
41. Kg3 e2 42. Re1 Bb4 43. Kf2 1-0

[Event "szybkielanie"]
[Site "http://www.queenalice.com/game.php?id=1366475"]
[Date "2015.6.19"]
[Round "4"]
[White "REUSKING"]
[Black "szybkielanie"]
[Result "0-1"]
[WhiteElo "2053"]
[BlackElo "2250"]

1. e4 g6 2. d4 d6 3. c4 Bg7 4. Nc3 Nf6 5. f4 O-O 6. Nf3 Nbd7 7. Be2 e5 8. fxe5
dxe5 9. dxe5 Ng4 10. O-O Ngxe5 11. Qc2 c6 12. Bf4 Ng4 13. Rad1 Qb6+ 0-1

[Event "AUTO-MASTER-2338"]
[Site "http://www.queenalice.com/game.php?id=1375111"]
[Date "2015.8.2"]
[Round "1"]
[White "AntonioMelo"]
[Black "szybkielanie"]
[Result "1-0"]
[WhiteElo "2224"]
[BlackElo "2147"]

1. f4 g6 2. Nf3 d6 3. e3 Bg7 4. Be2 Nc6 5. O-O e5 6. fxe5 dxe5 7. Nc3 Be6 8. Bb5
Bd7 9. d4 Nge7 10. Ne4 exd4 11. exd4 O-O 12. c3 a6 13. Bc4 h6 14. Kh1 1-0

[Event "AUTO-MASTER-2338"]
[Site "http://www.queenalice.com/game.php?id=1375112"]
[Date "2015.8.2"]
[Round "1"]
[White "szybkielanie"]
[Black "AntonioMelo"]
[Result "0-1"]
[WhiteElo "2157"]
[BlackElo "2214"]

1. e4 d6 2. f4 Nc6 3. Nf3 Nf6 4. d3 g6 5. Be2 Bg7 6. c3 O-O 7. O-O Bg4 8. Na3 a6
9. Nc2 e5 10. fxe5 dxe5 11. Bg5 Qd6 12. Qc1 Bxf3 13. Rxf3 Ng4 14. h3 Nf6 15. Bh6
Nh5 16. Bxg7 Nxg7 17. Ne3 b5 18. Nd5 f5 19. Qe3 f4 20. Qd2 Nh5 0-1

[Event "AUTO-MASTER-2338"]
[Site "http://www.queenalice.com/game.php?id=1375127"]
[Date "2015.8.2"]
[Round "1"]
[White "Scharlatan"]
[Black "szybkielanie"]
[Result "1-0"]
[WhiteElo "1753"]
[BlackElo "2043"]

1. e4 c5 2. Nf3 Nc6 3. d4 cxd4 4. Nxd4 Nf6 5. Nc3 e5 6. Ndb5 d6 7. Bg5 a6 8. Na3
b5 9. Bxf6 gxf6 10. Nd5 f5 11. Bxb5 axb5 12. Nxb5 Qa5+ 13. c3 Ra7 14. Nxa7 Qxa7
15. exf5 Bxf5 16. Qf3 Be6 17. Nf6+ Ke7 18. O-O Qb6 19. Nd5+ 1-0

[Event "AUTO-MASTER-2338"]
[Site "http://www.queenalice.com/game.php?id=1375128"]
[Date "2015.8.2"]
[Round "1"]
[White "szybkielanie"]
[Black "Scharlatan"]
[Result "0-1"]
[WhiteElo "2073"]
[BlackElo "1674"]

1. e4 e6 2. f4 d5 3. e5 c5 4. Nf3 Bd7 5. d3 Nc6 6. c3 Be7 7. Be2 f6 8. O-O f5 9.
Na3 a6 10. Nc2 Nh6 11. Rb1 Nf7 12. Kh1 g5 13. d4 c4 0-1

[Event "AUTO-MASTER-2343"]
[Site "http://www.queenalice.com/game.php?id=1377012"]
[Date "2015.8.12"]
[Round "1"]
[White "dadge"]
[Black "szybkielanie"]
[Result "1/2-1/2"]
[WhiteElo "2101"]
[BlackElo "2261"]

1. e4 g6 2. d4 d6 3. c4 Bg7 4. Be3 Nf6 5. Nc3 Nc6 6. Bd3 e5 7. d5 Ne7 8. Nge2
O-O 9. O-O h6 10. Qd2 Kh7 11. Rac1 b6 12. h3 Ne8 13. f4 exf4 1/2-1/2

[Event "AUTO-MASTER-2343"]
[Site "http://www.queenalice.com/game.php?id=1377013"]
[Date "2015.8.12"]
[Round "1"]
[White "szybkielanie"]
[Black "dadge"]
[Result "0-1"]
[WhiteElo "2180"]
[BlackElo "2106"]

1. e4 c5 2. g3 d6 3. Bg2 Nc6 4. f4 e5 5. d3 Nf6 6. Nf3 Be7 7. O-O Bg4 8. h3 Bxf3
9. Qxf3 Nd4 10. Qd1 O-O 11. c3 Nc6 12. f5 d5 13. g4 dxe4 14. dxe4 Qxd1 15. Rxd1
Rfd8 0-1

[Event "AUTO-MASTER-2343"]
[Site "http://www.queenalice.com/game.php?id=1377026"]
[Date "2015.8.12"]
[Round "1"]
[White "jupar"]
[Black "szybkielanie"]
[Result "1-0"]
[WhiteElo "1975"]
[BlackElo "2243"]

1. d4 d5 2. c4 dxc4 3. Nc3 c6 4. e4 b5 5. a3 Nf6 6. Nf3 g6 7. Bg5 Bg7 8. Bxf6
exf6 9. d5 f5 10. e5 Qa5 11. Be2 1-0

[Event "AUTO-MASTER-2343"]
[Site "http://www.queenalice.com/game.php?id=1377027"]
[Date "2015.8.12"]
[Round "1"]
[White "szybkielanie"]
[Black "jupar"]
[Result "0-1"]
[WhiteElo "2198"]
[BlackElo "2013"]

1. e4 e5 2. Nf3 Nc6 3. d4 exd4 4. Bc4 d6 5. Nxd4 Nf6 6. Nc3 Be7 7. Be3 Ne5 8.
Bb3 c5 9. Ba4+ Bd7 10. Bxd7+ Qxd7 11. Nf5 O-O 12. Bxc5 Rfd8 13. Nxe7+ Qxe7 14.
Bd4 b6 15. O-O Ng6 16. Bxf6 Qxf6 17. Qd5 Rac8 18. Qf5 Qe5 0-1